| LEADER | 01008nam a22002297i 4500 | ||
|---|---|---|---|
| 003 | GR-PaULI | ||
| 005 | 20220303121134.0 | ||
| 008 | 170530s1992 sw a|||f |||| 00| 0 swe d | ||
| 952 | |0 0 |1 0 |2 ddc |4 0 |6 629_120000000000000_NAR |7 0 |9 212771 |a LISP |b LISP |c DON |d 2017-05-30 |e ΒΑΛ |i 128322 |l 0 |o 629.12 NAR |p 025000246549 |r 2017-05-30 00:00:00 |t 1 |v 2017.00 |w 2017-05-30 |y BK15 | ||
| 999 | |c 129414 |d 129414 | ||
| 020 | |a 9171193383 | ||
| 040 | |a GR-PaULI |b gre |c GR-PaULI |e AACR2 | ||
| 082 | 0 | 4 | |2 23 |a 629.12 |
| 245 | 0 | 0 | |a Narrskeppet : |b ombord på Konstantin Simonov / |c redaktion Mika Larsson, Jan Henrik Swahn, Roland Selim. |
| 260 | |a Höganäs : |b Wiken, |c 1992. | ||
| 300 | |a 165, [4] σ. : |b εικ. ; |c 26 εκ. | ||
| 650 | 4 | |9 76569 |a Αεροσκάφη |x Δυναμική. | |
| 700 | 1 | |9 162272 |a Larsson, Mika, |d 1945- |e επιμελήτρια | |
| 700 | 1 | |9 162275 |a Selim, Roland, |d 1925- |e επιμελητής | |
| 700 | 1 | |9 162282 |a Swahn, Jan Henrik, |d 1959- |e επιμελητής | |
| 942 | |2 ddc |c BK15 | ||
| 998 | |c ΛΟΤΣΑΡΗ |d 2017-05 | ||